TB. OF ORTHOPEDICS (Record no. 14593)

MARC details
000 -LEADER
fixed length control field 00279nam a22001337a 4500
003 - CONTROL NUMBER IDENTIFIER
control field SGT
082 ## - DEWEY DECIMAL CLASSIFICATION NUMBER
Classification number 617.3
Item number O17E
100 ## - MAIN ENTRY--PERSONAL NAME
Personal name EBNEZAR, JOHN
245 ## - TITLE STATEMENT
Title TB. OF ORTHOPEDICS
260 ## - PUBLICATION, DISTRIBUTION, ETC. (IMPRINT)
Place of publication, distribution, etc INDIA
Name of publisher, distributor, etc JAYPEE
Year of Publication 2017
300 ## - PAGE DESCRIPTION
No. of Pages 940
650 ## - SUBJECT ADDED ENTRY--TOPICAL TERM
Topical term or geographic name as entry element ORTHOPEDIC
942 ## - ADDED ENTRY ELEMENTS (KOHA)
Source of classification or shelving scheme Dewey Decimal Classification
Koha item type Books
942 ## - ADDED ENTRY ELEMENTS (KOHA)
-- 15
Holdings
Withdrawn status Lost status Source of classification or shelving scheme Damaged status Not for loan Collection code Home library Current library Shelving location Date acquired Vendor Name SGTU Total Checkouts Full call number Accession No. (Barcode) Date last seen Date last borrowed Bill Date Koha item type
    Dewey Decimal Classification     MEDICAL SGT Medical Library SGT Medical Library Text Book 17/01/2018 ABC SGTU 23 617.3 O17E FM9407 13/06/2025 12/06/2025 17/01/2018 Books
    Dewey Decimal Classification     MEDICAL SGT Medical Library SGT Medical Library Text Book 17/01/2018 ABC SGTU   617.3 O17E FM9408 17/01/2018   17/01/2018 Books